| 000 | 00648nam a22002057a 4500 | ||
|---|---|---|---|
| 003 | koha_MIRAKIL | ||
| 005 | 20251020151638.0 | ||
| 008 | 251020b tur||||| |||| 00| 0 tur d | ||
| 020 | _a9780064442534 | ||
| 040 |
_aTR-IsEVY _btur _cTR-IsEVY |
||
| 082 | _a420 BON/D | ||
| 100 | _aBonsall, Crosby | ||
| 245 | 0 |
_aThe day I had to play with my sister / _cCrosby Bonsall. |
|
| 260 |
_aNew York : _bHarper Collina Publishers, |
||
| 300 |
_a32 p. : _bcolour pictures ; _c23 cm. |
||
| 490 | 0 | _aI can read book-my first. | |
| 650 |
_aEnglish Language. _vEnglish Readers. |
||
| 650 |
_aİngiliz Dili. _vİngilizce Okuma Kitapları. |
||
| 942 |
_2ddc _cBK |
||
| 999 |
_c22792 _d22792 |
||